Gaming Quiz

Random Gaming or Pokémon Quiz

Name more pokemons than me Quiz Stats

 Plays Quiz not verified by Sporcle

Challenge
Share
Tweet
Embed
Score 0/230 Timer 20:00
0 Plays Today
Numbers of Pokémons Pokémon % Correct
#1Bulbasaur
100%
#2Ivysaur
100%
#3Venusaur
100%
#4Charmander
100%
#5Charmeleon
100%
#6Charizard
100%
#7Squirtle
100%
#8Wartortle
91.7%
#9Blastoise
91.7%
#10Caterpie
91.7%
#11Metapod
91.7%
#12Butterfree
91.7%
#13Weedle
91.7%
#14Kakuna
91.7%
#15Beedrill
91.7%
#25Pikachu
91.7%
#26Raichu
91.7%
#16Pidgey
83.3%
#17Pidgeotto
83.3%
#18Pidgeot
83.3%
#19Rattata
83.3%
#20Raticate
83.3%
#21Spearow
83.3%
#22Fearow
83.3%
#23Ekans
83.3%
#24Arbok
83.3%
#27Sandshrew
83.3%
#28Sandslash
83.3%
#29Nidoran
83.3%
#30Nidorina
83.3%
#31Nidoqueen
83.3%
#32Nidoran
83.3%
#33Nidorino
83.3%
#34Nidoking
83.3%
#41Zubat
83.3%
#42Golbat
83.3%
#43Oddish
83.3%
#44Gloom
83.3%
#45Vileplume
83.3%
#55Golduck
83.3%
#76Golem
83.3%
#79Slowpoke
83.3%
#80Slowbro
83.3%
#81Magnemite
83.3%
#82Magneton
83.3%
#125Electabuzz
83.3%
#126Magmar
83.3%
#133Eevee
83.3%
#134Vaporeon
83.3%
#136Flareon
83.3%
#150Mewtwo
83.3%
#151Mew
83.3%
#35Clefairy
75%
#36Clefable
75%
#37Vulpix
75%
#38Ninetales
75%
#39Jigglypuff
75%
#40Wigglytuff
75%
#46Paras
75%
#47Parasect
75%
#50Diglett
75%
#51Dugtrio
75%
#52Meowth
75%
#53Persian
75%
#54Psyduck
75%
#58Growlithe
75%
#59Arcanine
75%
#63Abra
75%
#64Kadabra
75%
#65Alakazam
75%
#66Machop
75%
#67Machoke
75%
#68Machamp
75%
#69Bellsprout
75%
#70Weepinbell
75%
#71Victreebel
75%
#74Geodude
75%
Numbers of Pokémons Pokémon % Correct
#75Graveler
75%
#77Ponyta
75%
#78Rapidash
75%
#86Seel
75%
#87Dewgong
75%
#88Grimer
75%
#89Muk
75%
#91Cloyster
75%
#92Gastly
75%
#93Haunter
75%
#94Gengar
75%
#95Onix
75%
#98Krabby
75%
#99Kingler
75%
#100Voltorb
75%
#101Electrode
75%
#102Exeggcute
75%
#103Exeggutor
75%
#104Cubone
75%
#105Marowak
75%
#106Hitmonlee
75%
#107Hitmonchan
75%
#108Lickitung
75%
#109Koffing
75%
#110Weezing
75%
#111Rhyhorn
75%
#112Rhydon
75%
#113Chansey
75%
#114Tangela
75%
#116Horsea
75%
#117Seadra
75%
#118Goldeen
75%
#119Seaking
75%
#122Mr. Mime
75%
#123Scyther
75%
#124Jynx
75%
#127Pinsir
75%
#128Tauros
75%
#129Magikarp
75%
#130Gyarados
75%
#131Lapras
75%
#135Jolteon
75%
#137Porygon
75%
#138Omanyte
75%
#139Omastar
75%
#140Kabuto
75%
#141Kabutops
75%
#142Aerodactyl
75%
#143Snorlax
75%
#144Articuno
75%
#145Zapdos
75%
#146Moltres
75%
#147Dratini
75%
#148Dragonair
75%
#149Dragonite
75%
#239Elekid
75%
#382Kyogre
75%
#???Type: Null
75%
#56Mankey
66.7%
#57Primeape
66.7%
#60Poliwag
66.7%
#61Poliwhirl
66.7%
#62Poliwrath
66.7%
#72Tentacool
66.7%
#73Tentacruel
66.7%
#83Farfetch'd
66.7%
#90Shellder
66.7%
#96Drowzee
66.7%
#97Hypno
66.7%
#115Kangaskhan
66.7%
#120Staryu
66.7%
#121Starmie
66.7%
#132Ditto
66.7%
#233Porygon2
66.7%
#244Entei
66.7%
#245Suicune
66.7%
#249Lugia
66.7%
Numbers of Pokémons Pokémon % Correct
#386Deoxys
66.7%
#493Arceus
66.7%
#+++6Mega-Charizard
66.7%
#254Sceptile
66.7%
#48Venonat
58.3%
#49Venomoth
58.3%
#84Doduo
58.3%
#85Dodrio
58.3%
#213Shuckle
58.3%
#474PorygonZ
58.3%
#175Togepi
58.3%
#182Bellossom
58.3%
#282Gardevoir
58.3%
#380Latias
58.3%
#381Latios
58.3%
#+++115Mega-Kangaskhan
58.3%
#324Torkoal
58.3%
#774Minior
58.3%
#773Silvally
58.3%
#801Magearna
58.3%
#448Lucario
50%
#376Metagross
50%
#487Giratina
50%
#235Smeargle
50%
#+++94Mega-Gengar
50%
#495Snivy
50%
#501Oshawott
50%
#263Zigzagoon
50%
#778Mimikyu
50%
#765Oranguru
50%
#776Turtonator
50%
#785Tapu Koko
50%
#782Jangmo-o
50%
#766Passimian
50%
#783Hakamo-o
50%
#784Kommo-o
50%
#771Pyukumuku
50%
#736Grubbin
50%
#753Fomantis
50%
#754Lurantis
50%
#767Wimpod
50%
#759Stufful
50%
#760Bewear
50%
#459Snover
41.7%
#460Abomasnow
41.7%
#681Aegislash
41.7%
#292Shedinja
41.7%
#302Sableye
41.7%
#746Wishiwashi
41.7%
#734Yungoos
41.7%
#725Litten
41.7%
#791Solgaleo
41.7%
#764Comfey
41.7%
#761Bounsweet
41.7%
#762Steenee
41.7%
#658Greninja
33.3%
#491Darkrai
33.3%
#755Morelull
33.3%
#769Sandygast
33.3%
#735Gumshoos
33.3%
#757Salandit
33.3%
#729Brionne
33.3%
#750Mudsdale
33.3%
#726Torracat
33.3%
#723Dartrix
33.3%
#749Mudbray
33.3%
#763Tsareena
33.3%
#745Lycanroc
33.3%
#724Decidueye
33.3%
#731Pikipek
33.3%
#739Crabrawler
25%
#770Palosand
16.7%
#???UB-01
8.3%
No numberMega-evolutions
0%
#+++302Mega-Sobleye
0%
#???Harambe
0%

You're not logged in!

Compare scores with friends on all Sporcle quizzes.
OR
Log In

You Might Also Like...

Show Comments

Extras

Created Dec 24, 2016ReportNominate
Tags:Pokémon Quiz, cokeman

Top Quizzes Today


Score Distribution

Your Account Isn't Verified!

In order to create a playlist on Sporcle, you need to verify the email address you used during registration. Go to your Sporcle Settings to finish the process.

Report this User

Report this user for behavior that violates our Community Guidelines.

Details: